[Event "RUS-chT 11th"]
[Site "Sochi"]
[Date "2004.04.22"]
[Round "3.5"]
[White "Frolyanov, Dmitry"]
[Black "Korotylev, Alexey"]
[Result "0-1"]
[WhiteElo "2494"]
[BlackElo "2565"]
[Annotator "Erenburg,S"]
[PlyCount "96"]
[EventDate "2004.04.20"]
[EventType "team-tourn"]
[EventRounds "9"]
[EventCountry "RUS"]
[SourceTitle "EXT 2020"]
[Source "ChessBase"]
[SourceDate "2019.10.17"]
[SourceVersion "1"]
[SourceVersionDate "2019.10.17"]
[SourceQuality "1"]
[WhiteTeam "Togliatti Lada"]
[BlackTeam "Samara Termosteps"]
[WhiteTeamCountry "RUS"]
[BlackTeamCountry "RUS"]

1. e4 d6 2. d4 g6 3. Bd3 Bg7 4. Nf3 Nf6 5. O-O O-O 6. Re1 {White continues to
develop his pieces, strengthening his centre. Also possible:} (6. c3 {1-0
Zagrebelny,S-Kakageldyev,A/Doha 2003/CBM 94/[Erenburg] (29)}) 6... Nc6 {
Black is obviously planning to attack white's centre. He provokes white to
play d4-d5, that will open a long diagonal a1-h8 for his dark-squared bishop.
Another option is} (6... Bg4 {0-1 Chuprov,D-Zakharevich,I/Moscow 1999/CBM 70/
[Tsesarsky] (65)}) 7. b3 $6 $146 {New move, which seems very strange. It is
clear that sooner or later white will play d4-d5, afterware the typical plan
for white is to push forward his queenside pawns. It means that he will push
his pawn "b" to b4. Therefore, it isn't logical to make it by two tempos.
White has the following alternatives:} (7. c3 {0-1 Mainka,R-Hertneck,G/Bremen
1998/CBM 68/[Hertneck] (58)}) (7. h3 e5 8. c3 h6 9. Nbd2 Nh5 10. Nb3 Qf6 11.
Bb5 a5 12. a4 Nf4 13. Bxc6 bxc6 14. dxe5 dxe5 15. Bxf4 Qxf4 16. Nc5 $14 {
1/2-1/2 Milovanovic,R-Savicevic,V/Ulcinj 1998/EXT 99 (25)}) (7. d5 Nb4 8. Bf1
Bg4 9. Nbd2 a5 10. h3 Bd7 11. Nc4 b5 12. Na3 c6 13. c3 Na6 14. dxc6 Bxc6 15. e5
$14 {Rest unlesbar. 1/2-1/2 Cvitan,O-Agrest,E/Biel 1997/CBM 60 ext (29)}) 7...
Bg4 {White has weakened the long diagonal with his last move. Therefore, black
reacts aggressively, attacking white's centre.} 8. c3 {protecting the d4
square.} (8. Bb2 e5 9. d5 Nd4 10. Nbd2 (10. Bxd4 exd4 $11 {[%cal Yf6d7]}) 10...
Nd7 11. h3 Bxf3 12. Nxf3 Nxf3+ 13. Qxf3 f5 $132) 8... e5 $1 9. d5 Ne7 10. c4 $2
{allowing black the tactical operation, that now follows.} ({Better is} 10.
Nbd2 {but black's position isn't worse anyway.} c6 11. dxc6 (11. c4 cxd5 12.
cxd5 Nfxd5 $15) 11... bxc6 $132) {[%tqu "En","Please find a tactical resource
for black.","","","f6e4","",10]} 10... Nxe4 $1 {[%csl Yg7][%cal Yf7f5,Gg7a1]}
11. Bxe4 f5 12. Qc2 {moving the queen from the pin along h5-d1 diagonal.} fxe4
13. Ng5 c6 $1 {undermining white's centre. Also, we should remember, that
black has a pair of bishops, therefore, he opens up the game.} 14. Nc3 ({
White doesn't equalize after} 14. Nxe4 cxd5 15. cxd5 Qa5 $1 $15) 14... cxd5 15.
cxd5 Qa5 $2 {missing white's tactical resource. Much better is} (15... Rc8 16.
Qxe4 Bf5 17. Qh4 h6 18. Nge4 g5 19. Qg3 Qa5 $15) 16. Bd2 $2 {White didn't
exploit black's mistake... Stronger is} (16. b4 $1 Qc7 (16... Qxb4 17. Rxe4 Bf5
18. Rxb4 Bxc2 19. Rxb7 $14) 17. Ngxe4 $13) 16... e3 $1 {Very strong move,
which discoordinates white's forces.} (16... Nxd5 $4 17. b4 $1 Nxb4 18. Qb3+
$18) (16... Bf5 17. Ngxe4 Rac8 (17... Nxd5 $2 18. b4 $1) 18. Qd3 {and white
isn't worse.}) 17. fxe3 {White finds the least of the evils:} (17. Rxe3 Bf5 (
17... Nxd5 18. b4 Qd8 19. Qb3 Qxg5 20. Qxd5+ Kh8 21. Ne4 $13) 18. Nge4 $1 Bxe4
$1 (18... Nxd5 19. b4 Bxe4 20. Qxe4 (20. Rxe4 Qb6) 20... Nxc3 21. Rxc3 Qb5 $15)
19. Nxe4 (19. Qxe4 Bh6) 19... Qxd5 $17) (17. Bxe3 Nxd5 $17) 17... Nxd5 $1 18.
b4 Qd8 19. Qb3 (19. Nxh7 $2 Nxb4 20. Qb3+ Kxh7 21. Qxb4 Qd7 $17) (19. Nxd5 Qxg5
20. e4 Qh4 21. Rf1 Rac8 22. Qd3 Be6 $15) 19... Qxg5 20. Qxd5+ Kh8 21. Ne4 $4 {
Another serious mistake.} ({Much better is} 21. e4 Qe7 22. Qd3 $15) 21... Qe7
$2 {missing much more attractive possibility:} (21... Bf3 $1 22. Nxg5 Bxd5 $19)
22. b5 ({White cannot take the d6 pawn:} 22. Qxd6 $2 Qxd6 23. Nxd6 Rad8 24. Ne4
(24. Nc4 Be6 $19) 24... Bf5 $19) 22... Be6 $2 (22... Rad8 $17 {was simple and
strong.}) 23. Qxd6 Qxd6 24. Nxd6 Rfd8 25. Bb4 Bf8 26. Red1 Rd7 {When black
sacrificed the d6 pawn, he believed, that white cannot survive here under so
many pins.However, white has some resources, which were probably,
understimated by black.} 27. a3 {defending the bishop.} Bh6 $1 28. Bc3 $2 {
After this mistake white is lost. Better was} (28. Rd3 $1 e4 29. Rc3 Bg7 $17
30. Rac1 Bxc3 31. Bxc3+ Kg8 32. Nxe4 $13) (28. Re1 Rad8 29. Ne4 b6 $15) 28...
Bxe3+ 29. Kh1 Bd4 $1 30. Bxd4 exd4 31. Rxd4 Rad8 32. Rad1 Kg8 {In spite of
material balance, white's position is abolutely lost, due to activity of
black's monarch, which will capture white's queenside pawns.} 33. h3 ({White
loses after} 33. Kg1 {as well:} Kf8 34. R4d2 Ke7 35. Ne4 Rxd2 36. Rxd2 Rxd2 37.
Nxd2 Bd5 38. Kf2 Kd6 39. Nb1 Kc5 40. Nc3 Kc4 $19) 33... Kf8 34. R4d2 Ke7 35.
Ne4 Rxd2 36. Rxd2 Rxd2 37. Nxd2 Bd5 $1 $19 {Precise move, which completely
restricts white's knight. Now black is going to take white's queenside pawns,
that will promise him an easy victory in the endgame.} 38. Kg1 Kd6 39. b6 axb6
40. Kf2 Kc5 41. g3 Kd4 42. Nf1 b5 43. Ne3 Be6 44. h4 Kc3 45. Ke2 Kb2 46. Kd2
Kxa3 47. Nc2+ Kb2 48. Nd4 Bd7 0-1

[Event "Dubai op 6th"]
[Site "Dubai"]
[Date "2004.04.27"]
[Round "8"]
[White "El Arousy, Abdul Hameed"]
[Black "El Taher, Fouad"]
[Result "1-0"]
[WhiteElo "2375"]
[BlackElo "2501"]
[Annotator "Erenburg,S"]
[PlyCount "63"]
[EventDate "2004.04.19"]
[EventType "swiss"]
[EventRounds "9"]
[EventCountry "UAE"]
[SourceTitle "CBM 101"]
[Source "ChessBase"]
[SourceDate "2004.07.27"]
[SourceVersion "1"]
[SourceVersionDate "2004.07.27"]
[SourceQuality "1"]

{[%mdl 4096]} 1. d4 d6 2. e4 Nf6 3. Nc3 Nbd7 $5 {Interesting attempt to get
the Philidor defence, not allowing white to trade the queens. The theoretical
alternatives are:} (3... e5 4. dxe5 (4. Nf3 {-Philidor defence.}) 4... dxe5 5.
Qxd8+ Kxd8) (3... g6 {- Pirc defence.}) (3... c6 {-Pirc defence.}) 4. f4 {
Obviously, the most agressive and the most principal continuation. White is
willing to take control over the centre.} (4. Nf3 e5 {- C41.}) 4... e5 5. Nf3
exd4 {Another option is} (5... c6 {1/2-1/2 Graf,A-Ermenkov,E/Dubai 2000/EXT
2001/[Ermenkov] (20)}) 6. Qxd4 {White chooses the option of capture with the
queen, using the location of the black's queenside knight on d7, which already
cannot attack the queen from c6. White intends to castle long, and, thanks to
a pressure through the centre to carry out e4-e5.} (6. Nxd4 {is another
possibility.}) 6... c6 $1 {[%cal Gd6d5,Yf8c5,Yd8b6] Black has to create a
counterplay as soon as possible, using the vulnerable position of white's
monarch. He intends to carry out either d6-d5, with following Bc5, or to play
Qb6.} 7. Be3 {The most logical continuation, as it covers a7-g1 diagonal.} (7.
f5 {1/2-1/2 Milov,L-Galdunts,S/Griesheim 2002/CBM 88/[Gofshtein,L] (63)}) (7.
Bc4 Be7 8. e5 dxe5 9. fxe5 Bc5 10. Qh4 Qe7 11. Bf4 Ng4 $5 12. Qxe7+ (12. Qxg4
Nxe5 13. Qxg7 Nxc4+ $132) 12... Kxe7 13. Ne4 Be3 14. Bg3 $14 {1/2-1/2 Kljako,
D-Terreaux,G/Cannes 1992/EXT 97 (41)}) (7. e5 dxe5 8. fxe5 Bc5 9. Qh4 Nxe5 (
9... Qe7 $5 10. Bf4 Bb4 $132) 10. Nxe5 $2 Qe7 11. Bf4 Bd4 12. O-O-O $18 {
1-0 Romero Holmes,A-O'Connell,K/Oviedo 1992/TD (16)}) (7. Be2 Qb6 (7... d5 $5)
8. Qxb6 axb6 9. Nd4 $14 {0-1 Djuric,S-Peyrat,O/FRA 1993/TD (66)}) 7... d5 $1 {
Black sacrifices the pawn and tries to use the location of white's king in the
centre.} 8. exd5 ({More positional option of play is} 8. e5 {1/2-1/2 Wells,
P-Oratovsky,M/Budapest 1999/EXT 2000/[Oratovsky,M] (38)}) (8. O-O-O Bc5 9. Qd3
Qe7 10. e5 Ng4 11. Bxc5 (11. Bd4 Nf2 12. Bxf2 Bxf2 $132) 11... Nxc5 12. Qd2 h5
$13) 8... Bc5 9. Qd3 Qe7 10. Kd2 $5 {[%cal Ga1e1] preparing to get the
queenside rook into the game. White has another possibility:} (10. Nd4 {
1/2-1/2 Brochet,P-Besson,B/France 2003/CBM 95/[Roiz,M] (23)}) 10... cxd5 {
Black tried also} (10... Bb4 11. dxc6 Bxc3+ 12. bxc3 bxc6 (12... Ne4+ $5) 13.
Re1 O-O (13... Ne4+ $5 14. Kd1 Ndf6 $44) 14. Bd4 Qa3 15. c4 Qa5+ 16. Qc3 Qf5
17. g3 $1 c5 (17... Ne4+ 18. Rxe4 Qxe4 19. Bd3 Qe7 20. Re1 Qd6 21. Bxg7 Rd8 22.
Ng5 $18) 18. Bxf6 Nxf6 19. Bd3 $16 {Timoshenko,G-Oratovsky,M/Cappelle la
Grande FRA 1999 1-0 (42)}) (10... Bxe3+ 11. Qxe3 Qxe3+ 12. Kxe3 Nxd5+ 13. Nxd5
cxd5 14. Rd1 $14 {1-0 Hlavacek,J-Jandovsky,J/Czechia 2000/EXT 2003 (44)}) 11.
Re1 O-O 12. Bxc5 (12. Bd4 Qd8 13. Kc1 Bd6 14. Be5 Nc5 15. Qd4 Ne6 16. Qd2 Bb4
$132 {1-0 Tseitlin,M-Botvinnik,I/Ramat Aviv 2002/EXT 2004 (45)}) 12... Qxc5 13.
Kc1 $146 {According to my database, this position appeared for the first time.
In the previous game white prefered to play} (13. Qd4 b6 14. Kc1 Bb7 15. Bb5
Rfd8 16. Bxd7 Rxd7 17. Rd1 Rc7 18. Rhe1 a6 19. Re2 Rac8 $11 {1/2-1/2 Gonzalez
Zamora,J-Hernandez,G/Cuernavaca 2003/CBM 98 no vc (53)}) 13... Qd6 {[%cal
Gd7c5] liberating the c5 square for the knight.} (13... Qa5 $5) 14. g3 Nc5 15.
Qd4 a6 {Prophylactic move, which is going to cover the b5 square.} 16. Bg2 Rd8
17. Rd1 Bf5 18. Ne5 Rac8 $6 {sacrificing the central pawn. Probably black
should prefer simple} (18... Ne6 $142 19. Qf2 d4 $15) 19. Bxd5 Nxd5 20. Qxd5
Qe7 {I guess it wasn't so easy for black to choose the location for his queen-
e7 or c7:} (20... Qc7 21. Qf3 (21. Qc4 b5 $44) (21. Qg2 Rxd1+ 22. Rxd1 Na4 23.
Nxa4 Qxc2+ 24. Qxc2 Rxc2+ 25. Kb1 Rd2+ 26. Kc1 Rc2+ $11) 21... Rxd1+ 22. Rxd1
Na4 {[%cal Gc7b6]} 23. Rd2 Nxc3 24. Qxc3 Qxc3 25. bxc3 f6 $11) 21. Qf3 ({
Stronger was} 21. Qg2 {, covering the c2 square.} f6 (21... Rxd1+ $140 22. Rxd1
Na4 23. Nxa4) 22. Nc4 Qe6 {and black has some compensation for pawn.}) 21... f6
$2 {Black loses the right moment to develop the initiative for sacrificed pawn:
} (21... Rxd1+ $1 22. Qxd1 (22. Rxd1 Na4 $17) 22... Ne4 23. Nd5 Qc5 $44) 22.
Rxd8+ Qxd8 $6 {Black will find his queen attacked by white's rook through the
"d" file. Therefore, more logical was} (22... Rxd8 23. Nc4 b5 24. Ne3 $14) 23.
Nc4 b5 $6 {Black has absolutely lost the control of the game and has made
another mistake... He had more chances after} (23... Ne4 24. Rd1 Qc7 25. Nxe4
Qxc4 26. Nc3 $16) 24. Rd1 Nd3+ (24... Qc7 25. Nd6 $18) 25. cxd3 bxc4 26. dxc4 {
Now white is two whole pawns up and it isn't so clear how does black get a
dangerous initiative for it.} Qe7 27. Qd5+ Be6 28. Qd6 {White is ready to give
black one pawn, trading the queens, that will absolutely neutralize blacks
threats.} Qf7 $6 ({More resistant was} 28... Qxd6 29. Rxd6 Bxc4 30. Kd2 $16 {
/+-}) (28... Qe8 29. Re1 Rc6 30. Qd3 $18) 29. b3 $18 {Now white is two pawns
up, and his pieces are located more active. Therefore, the rest needs no
comment.} h5 30. Kb2 a5 31. Nd5 Kh7 32. Re1 1-0

[Event "Groningen Harmonie"]
[Site "Groningen"]
[Date "2002.12.26"]
[Round "5"]
[White "Werle, Jan"]
[Black "Nijboer, Friso"]
[Result "1-0"]
[WhiteElo "2434"]
[BlackElo "2556"]
[Annotator "Erenburg,S"]
[PlyCount "81"]
[EventDate "2002.12.21"]
[EventType "tourn"]
[EventRounds "9"]
[EventCountry "NED"]
[EventCategory "10"]
[SourceTitle "CBM 093"]
[Source "ChessBase"]
[SourceDate "2003.04.01"]
[SourceVersion "1"]
[SourceVersionDate "2003.04.01"]
[SourceQuality "1"]

1. e4 d6 2. d4 Nf6 3. Nc3 g6 4. Bg5 c6 5. Qd2 b5 6. Bd3 Bg7 ({Another
theoretical line is} 6... Nbd7 {see 1-0 Tiviakov,S-Van der Sterren,P/
Leeuwarden 2001/CBM 84/[Finkel,A] (59)}) 7. f4 O-O 8. Nf3 (8. a3 $5 {see
commented game Kotronias,V-Gagunashvili 0-1,M/Batumi 2002/CBM 90/[Avrukh,B] 
(31)}) 8... Bg4 9. O-O (9. O-O-O {0-1 Magem Badals,J-Nijboer,F/Mondariz 2000/
CBM 79/[Kaspi,A] (34)}) 9... Qb6 10. Ne2 Nbd7 11. Kh1 e6 $6 $146 (11... d5 12.
Bxf6 exf6 (12... Nxf6 $142 13. e5 Ne4 14. Qe3 f5 $13) 13. exd5 cxd5 14. f5 $1
$14 {1-0 Smirin,I-Beim,V/Tel Aviv 1996/CBM 52 ext (31)}) 12. h3 ({Deserved
attention} 12. e5 Nd5 (12... dxe5 13. fxe5 {[%csl Yf1][%cal Gg5h6]}) 13. exd6
$14) 12... Bxf3 13. Rxf3 c5 14. c3 Rab8 15. Raf1 b4 $2 ({Better is} 15... c4 {
,maintaining the material equality. But after} 16. Bc2 b4 17. f5 $1 {white
keeps initiative.}) 16. e5 $1 $16 bxc3 17. bxc3 Nd5 ({More resistant was} 17...
dxe5 18. dxe5 Nd5 19. c4 Qb4 (19... Nb4 20. a3 $16) (19... Nc7 20. Be4 $18) 20.
Qc2 $16) 18. c4 $1 Nb4 (18... Nc7 {doesn't change anything.} 19. Be7 $18) (
18... Qb4 19. Qc2 $18) (18... h6 19. Bh4 $16) 19. Be7 {White is winning
material without any compensation.} cxd4 (19... Nxd3 20. Rxd3 $18) (19... dxe5
20. Bxf8 Rxf8 21. dxe5 $18) 20. Bxd6 $18 Nc5 (20... Nc6 21. Bxb8 Rxb8 22. Be4
$18) 21. Rb1 {[%cal Ga2a3]} Qa5 22. a3 {Probably the simplest way for the
victory.} (22. Bxb8 Rxb8 23. Nxd4 $18) 22... Nbxd3 23. Qxa5 Rxb1+ 24. Kh2 Rc8
25. Nxd4 {The rest of the game is an easy job for white.} Bf8 26. Qc3 Bh6 27.
Rxd3 Ne4 {Last attempt to create some problems for white.} (27... Bxf4+ 28. g3
Nxd3 29. Qxd3 $18) 28. Qc2 Bxf4+ 29. g3 Rc1 30. Qg2 Nxg3 31. Rxg3 R1xc4 32. Ne2
{Black should resign in this position, as white's material advantage is too
big.} Bxg3+ 33. Qxg3 h5 34. Qe3 a5 35. Kg2 Rc2 36. Be7 {transfering the bishop
to f6 and creating mate threats.} Rb2 37. Bf6 Rcc2 38. Qh6 Rxe2+ 39. Kf1 Rf2+
40. Ke1 Rfe2+ 41. Kd1 (41. Kd1 Red2+ 42. Qxd2 Rxd2+ 43. Kxd2 $18) 1-0

[Event "Olympiad-36"]
[Site "Mallorca"]
[Date "2004.10.24"]
[Round "9"]
[White "Predojevic, Borki"]
[Black "Dearing, Eddie"]
[Result "1-0"]
[WhiteElo "2509"]
[BlackElo "2376"]
[Annotator "Erenburg,S"]
[PlyCount "49"]
[EventDate "2004.10.15"]
[EventType "team-swiss"]
[EventRounds "14"]
[EventCountry "ESP"]
[SourceTitle "CBM 104"]
[Source "ChessBase"]
[SourceDate "2005.01.27"]
[SourceVersion "1"]
[SourceVersionDate "2005.01.27"]
[SourceQuality "1"]
[WhiteTeam "Bosnia&Herzegovina"]
[BlackTeam "Scotland"]
[WhiteTeamCountry "BIH"]
[BlackTeamCountry "SCO"]

1. e4 d6 2. d4 Nf6 3. Bd3 e5 4. c3 {Main theoretical line. Other ones are:} (4.
dxe5 $6 {After this move it will be very difficult to white to  fight for the
advantage.} dxe5 5. Nf3 Bd6 $11 {0-1 Vajda,A-Iordachescu,V/Bucharest 2003/CBM
94/[Erenburg] (36)}) (4. Nf3 {1/2-1/2 Lautier,J-Kramnik,V/Biel 1993/CBM 37/
[Kramnik] (41)}) 4... d5 {Black immediately attack white's center, thus, he
doesn't allow white to get a stabile center. Other possibilites are:} (4...
Nbd7 5. Nf3 g6 6. O-O Bg7 {1-0 Areshchenko,A-Lahno,K/Kramatorsk 2003/CBM 97_01/
[Erenburg] (49)}) (4... Nc6 5. Nf3 g6 6. O-O Bg7 {1-0 Ionov,S-Himdan,M/Abu
Dhabi 2003/CBM 97_01/[Erenburg] (29)}) 5. dxe5 Nxe4 6. Nf3 ({Black gets a
strong initiative in case of} 6. Bxe4 $6 dxe4 7. Qa4+ Bd7 8. Qxe4 Bc6 9. Qg4 h5
10. Qh3 Qd7 $1 $36) 6... Nc6 (6... Nc5 {1-0 Fedorov,A-David,A/Leon 2001/CBM 86/
[Gofshtein,L] (30)}) 7. Nbd2 {driving away the black knight from central
position. White tried also:} (7. Qe2 Nc5 8. Bc2 Bg4 {0-1 Bastian,H-Lobron,E/
Altenkirchen 2001/CBM 87/[Gofshtein,L] (30)}) (7. O-O Bg4 8. Bf4 Nc5 {1/2-1/2
Radziewicz,I-Mainka,R/Koszalin 1999/CBM 73/[Oratovsky,M] (46)}) 7... Nc5 (7...
Bg4 8. O-O Nxd2 $6 9. Bxd2 Be7 10. Re1 O-O 11. Qc2 Bxf3 12. gxf3 g6 13. f4 $14
{1-0 Smirin,I-Huzman,A/Wijk aan Zee 1993/CBM 34/[Stohl] (46)}) 8. Bb1 {White's
main idea of this continuation is to transfer the white queen either to b3 or
to a4 after driving away the black knight from c5 with b2-b4. The alternatives
are:} (8. Bc2 Bg4 {0-1 Yegiazarian,A-Marin,M/Bucharest 1998/CBM 64/[Marin,M] 
(49)}) (8. Bb5 Bd7 9. Qe2 Ne6 $6 10. Nb3 Be7 11. Be3 a6 12. Bd3 Ng5 13. Nxg5
Bxg5 14. f4 Bh4+ 15. g3 Be7 16. O-O-O $16 {1/2-1/2 Fedorov,A-Gubanov,A/St
Petersburg 1994/CBM 43 ext/[Svidler] (64)}) 8... Bg4 (8... g6 $2 9. O-O Bg7 10.
Nb3 $1 Nxb3 11. Bg5 $1 Qd7 12. axb3 O-O 13. Re1 $14 {1-0 Smagin,S-Ivanov,V/
Moscow 1995/CBM 46/[Hansen,Cu] (34)}) 9. O-O (9. b4 Ne6 10. Qa4 Bh5 11. O-O Be7
12. b5 Nb8 13. Nd4 Nd7 14. f4 $14 {1-0 Fedorov,A-Khalifman,A/Maikop 1998/CBM
66/[Yudasin,L] (34)}) 9... Qd7 $146 {Black chooses an interesting plan of long
castle. In the preceding games black continued} (9... d4 10. Qe2 dxc3 11. bxc3
Qd5 12. h3 Bh5 13. Ne4 O-O-O 14. Nxc5 Bxc5 15. Be4 Qxe5 16. Qc4 Bxf3 17. Bxf3
Bd6 18. g3 Qc5 19. Qa4 Ne5 20. Bg2 c6 21. Rb1 $40 {1-0 Handke,F-Lorscheid,G/
Bundesliga 2004 (29)}) (9... Be7 10. b4 Nd7 11. Qa4 Nb6 12. Qc2 Qd7 13. a4 Qe6
14. Re1 a6 15. Ba2 Qg6 16. Qxg6 hxg6 17. a5 Na4 18. Re3 $14 {1-0 Smagin,
S-Fridman,D/Germany 2001/CBM 88 ext (62)}) 10. Re1 $6 {I think, white should
have prefered immediate} (10. b4 $5 Ne6 11. h3 Bh5 12. Re1 O-O-O 13. Nb3 $14)
10... O-O-O 11. h3 Bh5 12. b4 d4 $1 {This is the point! White lost the time
for playing 10.Re1, and now black has tactical resources for counterattack!}
13. cxd4 {Other continuations are not better:} (13. bxc5 dxc3 14. Qc2 cxd2 15.
Nxd2 Nd4 $15) (13. Bb2 $5 Ne6 (13... dxc3 14. Bxc3 Nd3 15. Bxd3 Qxd3 16. Qb3
$36 {[%cal Ye1e3]}) 14. b5 dxc3 15. Bxc3 Bxf3 16. Qxf3 Ncd4 $132) 13... Ne6 $1
{Now all the black pieces are coordinated and he is ready to occupy central d4
square with one of the knights.} 14. d5 $1 {Very important resourse. White
forces black to take on d5 with the queen, that gives white some time to
activate his pieces.} Qxd5 15. Be4 {Now white's light-squared bishop is very
active on long diagonal.} Bxf3 16. Bxf3 ({Another logical continuation is} 16.
Qxf3 Qxe5 17. Rb1 Bd6 18. Nf1 Kb8 $1 (18... Ned4 19. Qxf7 Rhf8 20. Qc4 $36) 19.
Bb2 Ncd4 20. Qxf7 ({Deserves attention:} 20. Qd3 $5) 20... Rhf8 21. Bxd4 Nxd4
22. Qc4 Qf6 $15) 16... Qd4 {winning the central pawn.} 17. Rb1 Nxe5 18. Qe2 ({
White cannot save his light-squared bishop in this stage of the game:} 18. Be4
Nd3 $1 (18... Nc4 19. Qf3 Nxd2 20. Bxd2 Qxd2 21. Rbd1 Qxa2 22. Bxb7+ Kb8 23.
Bd5 $40) 19. Re2 Nef4 $19) 18... Bd6 $4 {Black should have eliminated white's
light-squared bishop, which is extremely dangerous for black monarch:} (18...
Nxf3+ $1 19. Nxf3 Qf6 20. Bb2 Qf5 $15) (18... Nd3 $6 19. Nb3 Qf6 (19... Qxb4
20. Bd2 $44 {[%cal Yb1b7,Gb3a5]}) 20. Rd1 Nxb4 21. a3 $40) 19. Be4 $1 $44 {
keeping the important bishop on the board. Now it is not so easy for black to
find the way to neutralize white's initiative on the queenside.} Nf4 20. Qf1 {
[%cal Yd2b3,Yb3a5] It looks like black dominates the board at this moment, but
it is just an illusion! White's queenside pieces are ready to join the battle
and to crush black on the queenside!} Ned3 (20... Nfd3 {doesn't weaken white's
initiative at all:} 21. Nb3 Qb6 22. Be3 Qa6 23. Na5 c6 24. Red1 Bxb4 25. Nb3
$40 {and again black's pieces are all pined, and white has many open files and
diagonals to attack black's monarch.}) 21. Nb3 Qf6 $6 {Black doesn't have any
pieces around his king, therefore, he should have brought the queen to b6:} (
21... Qb6 {, but, anyway, black's position remains very bad:} 22. Be3 Qa6 23.
Na5 c6 24. Red1 $16) (21... Qxb4 22. Bxf4 (22. Bd2 $5) 22... Nxe1 (22... Nxf4
23. Nd4 Qxd4 24. Bxb7+ $18) 23. Nd2 Qxb1 24. Nxb1 Bxf4 25. Qxe1 Rhe8 26. g3 $16
) 22. Bxf4 $1 {activating the queen through f1-a6 diagonal.} Nxf4 (22... Nxe1 {
loses immediately:} 23. Qb5 b6 (23... c6 24. Bxc6 Qe7 25. Na5 bxc6 26. Qa6+ $18
) 24. Bxd6 $18) (22... Qxf4 23. Qxd3 Qh2+ 24. Kf1 $18) 23. Na5 $40 {Now
white's attack is irresistable... Only five moves before black had quite a
pleasant position...} Qg5 (23... c6 24. Bxc6 $18) 24. Bxb7+ Kb8 25. Qa6 {
with following Nc6. Black played this game absolutely not bad, except of one
move- 18...Bd6?? It is a instructive example for how much high can be the
price of each move in sharp positions.} 1-0